Tilastot visalle Sanat - "Rakkauslaulu" - Johanna Kurkela

Klikkaa tästä pelataksesi tätä visaa!

Yleistilastot

  • Tätä visaa on pelattu 83 kertaa
  • Keskiarvotulos 102 / 140

Vastaustilastot

Vastaus% Oikein
ja
95%
95%
jo
91%
niin
90%
kaksi
88%
Kaksi
88%
kaunista
88%
loistaa
88%
hehkuvaa
86%
kirkkaana
86%
saa
86%
Kauan
84%
sitten
84%
auringon
83%
ei
83%
minussa
83%
koskaan
81%
aavistus
79%
päivät
78%
sinusta
78%
kiertää
76%
kunpa
76%
liian
76%
olit
76%
päättyisi
76%
suuri
76%
vaara
74%
en
72%
En
72%
houkuttava
72%
nyt
72%
ohittaa
72%
on
72%
Jos
71%
päällämme
71%
kuinka
69%
tunnustan
69%
tuntemattoman
69%
kukaan
67%
palaa
67%
silloin
67%
toinen
67%
aavistin
66%
tiedä
66%
tunnen
66%
että
62%
kylmä
62%
sua
62%
eloon
60%
liekki
60%
pimeässä
60%
pois
60%
saada
60%
sammunut
60%
sitä
60%
tulet
60%
yksin
60%
joskus
59%
kaikki
59%
painava
59%
pelotta
59%
pitkään
59%
satanutkaan
59%
taivas
59%
tänään
59%
vaikka
59%
vastaan
59%
voisikaan
59%
harmaassa
57%
jäädä
55%
kiinni
55%
pidä
55%
tahtoisit
55%
tuntematta
55%
työnnä
55%
jotenkin
53%
ollut
53%
voiko
53%
pyytämättäkin
52%
illan
48%
seison
48%
tiennyt
45%
kirkkaana
34%
päättyisi
33%
polttaa
31%
kaunista
28%

Tulosjakauma

Persentiili vastausten määrän mukaan

Jokaisen tuloksen saaneiden osuus

Tuloshistoriasi

Et ole pelannut tätä visaa